000
00291nam a22001337a 4500
008
170421b xxu||||| |||| 00| 0 eng d
020
_a
0471034975
041
_a
eng
080
_a
573
100
_a
11
101
_a
SHM
245
_a
GENERA OF THE EASTERN PLANTS
_c
BATSON
942
_2
udc
_c
BK
999
_c
11494
_d
11494